Guess the US city by picture - Statistics

General Stats
  • This quiz has been taken 32 times
  • The average score is 5 of 8
Answer Stats
Picture Answer % Correct
New York City
97%
San Francisco
97%
Seattle
90%
Phoenix
55%
Boston
48%
Detroit
42%
Charlotte
29%
Columbus
26%
No matching quizzes found
Score Distribution
Percent of People with Each Score
Percentile by Number Answered
Your Score History
You have not taken this quiz